| 000 | 00766nam a2200217Ia 4500 | ||
|---|---|---|---|
| 003 | OSt | ||
| 005 | 20220918105509.0 | ||
| 006 | a|||||r|||| 00| 0 | ||
| 007 | ta | ||
| 008 | 220915b |||||||| |||| 00| 0 hin d | ||
| 024 | _a207957 | ||
| 037 | _cReference Collections | ||
| 040 |
_aARTS _cARTS _bhin |
||
| 041 |
_2hin _ahin |
||
| 082 | _aP152:4k, J5(RR) | ||
| 100 |
_aद्धिवेदी, राजेन्द्र _91697 |
||
| 245 | 0 | _aसाहित्य शास्त्र का परिभाषिक शब्द कोश | |
| 246 | _aSāhitya shāstra kā paribhāṣhik shabda kosha | ||
| 942 |
_hP152:4k, J5(RR) _cREF |
||
| 999 |
_c107594 _d107594 |
||